00425nam a2200193Ia 4500003000900000008004100009040001300050040001300063041000800076100001900084245005300103250001100156260000900167260000900176300001100185300001000196490001800206490000700224IT-RoPAU120407s9999 xx 000 0 und d aIT-RoPAU cIT-RoPAU afra aJean Steinmann aLe prophétisme biblique des origines à Osee. aParis  aCerf c1959 a260 p. c22 cm aLectio Divina v23